| 000 | 00659cam a2200169 a 4500 | ||
|---|---|---|---|
| 005 | 20250901165432.0 | ||
| 008 | 920513s1992 nyua b 001 0 eng | ||
| 010 | _a 92019384 | ||
| 020 |
_a0029256151 : _c$29.95 |
||
| 050 | 0 | 0 |
_aHD58.9 .Q357 1992 _b.Q357 1992 |
| 082 | 0 | 0 |
_a658.5/14 _220 |
| 100 | 1 |
_aQuinn, James Brian, _d1928- |
|
| 245 | 1 | 0 |
_aIntelligent enterprise : _ba knowledge and service based paradigm for industry / _cJames Brian Quinn ; foreword by Tom Peters. |
| 260 |
_aNew York : _bFree Press ; _aToronto : _bMaxwell Macmillan Canada ; _aNew York : _bMaxwell Macmillan International, _cc1992. |
||
| 300 |
_axx, 473 p. : _bill. ; _c25 cm. |
||
| 942 | _2lcc | ||
| 999 |
_c3933 _d3933 |
||